000 02322cam a22005294i 4500
003 PE-LiUPU
005 20250731172952.0
008 150623s1995 miu rb 000 0 eng d
020 _a080280814X
020 _a9780802808141
035 _a(Sirsi) i9780802808141
040 _aPE-LiUPU
_bspa
_cPE-LiUPU
_erda
049 _aPRUA
082 0 4 _a222.106
_bP61
_221
245 0 0 _aPreaching biblical texts :
_bexpositions by Jewish and Christian scholars /
_cEditado por Fredrick C. Holmgren y Herman E. Schaalman.
264 1 _aMichigan :
_bWilliam B. Eerdmans Publishing Company,
_c1995.
300 _a166 páginas ;
_c23 centímetros
336 _atext
_2rdacontent
337 _aunmediated
_2rdamedia
338 _avolume
_2rdacarrier
504 _aBibliografía : páginas 162-165.
505 0 _aGenesis 3: 1-34. -Genesis 4:1-16. -Genesis 11:1-9. -Genesis 18. -Genesis 22:1-19. -Exodus 1-2. -Exodus 3:1-22. -Exodus 11:1-10. -Exodus 32:7-14. -Leviticus 10:1-20. -Leviticus 19:1-37. -Numbers 11:29. -Numbers 19:1-22. -Deuteronomy 1-34.
526 _aSEG42
526 _aSEG41
526 _aSEG40
526 _aSEG39
526 _aP94
526 _aP87
526 _aP86
526 _aP85
526 _aP77
526 _aP76
526 _aP35
630 _aBiblia.
_pA.T.
_pPentateuco
_xCrítica, interpretación, etc.
700 1 _aHolmgren, Fredrick C.,
_eeditor.
700 1 _aSchaalman, Herman E.,
_eeditor.
942 _2ddc
_cBOOK
949 _a222.106 P61
_wDEWEY
_c1
_i45005
_lCCODEBUL1
_mBUL
_r0
_sY
_tBOOK
_u2015-6-24
_xTEOLOGIA
_PP35
_0COMPRA
_o.STAFF. Colección General
949 _a222.106 P61
_wDEWEY
_c2
_i40449
_lCCODEBUL1
_mBUL
_r0
_sY
_tBOOK
_u2015-6-24
_xTEOLOGIA
_zUNKNOWN
_0COMPRA
_o.STAFF. Colección General
994 _aC0
_bPEPRU
596 _a1
999 _a222.106 P61
_wDEWEY
_c21884
_i45005
_f2021-11-9
_g5
_lCCODEBUL1
_mBUL
_r0
_sY
_tBOOK
_u2015-6-24
_xTEOLOGIA
_PP35
_0COMPRA
_o.STAFF. Colección General
_d21884
999 _a222.106 P61
_wDEWEY
_c2
_i40449
_f2021-11-9
_g5
_lCCODEBUL1
_mBUL
_r0
_sY
_tBOOK
_u2015-6-24
_xTEOLOGIA
_zUNKNOWN
_0COMPRA
_o.STAFF. Colección General
999 _a222.106 P61
_wDEWEY
_c3
_i77026
_f2021-11-9
_g3
_lCCODEBUL1
_mBUL
_r0
_sY
_tBOOK
_u2018-2-14
_xTEOLOGIA
_PP35
_0COMPRA
_o.STAFF. Colección Teología
980 _81
_gALBERTO SANCHEZ Responsable de Automatización